États des États-Unis ayant une frontière avec le Canada - Statistiques

Statistiques générales
  • Ce quiz a été pris 14 493 fois
    12 011 depuis la dernière actualisation
  • Le résultat moyen est 8 sur 11
Statistiques - réponses
Etats % Correct
Washington
92%
Dakota du Nord
81%
Michigan
80%
Maine
77%
Montana
75%
Vermont
67%
New York
66%
Minnesota
62%
Idaho
60%
New Hampshire
53%
Alaska
50%
Aucun quiz correspondant
Distribution des résultats
% des personnes avec chaque résultat
Percentile par nombre de réponses
Votre historique - résultats
Vous n’avez pas pris ce quiz depuis la dernière actualisation